Greatest Quebec-born Players in NHL History - Statistics

General Stats
  • This quiz has been taken 152 times
  • The average score is 13 of 20
Answer Stats
Hint Career Player % Correct
Forwards 1985 - 2006 Mario Lemieux
95%
Goaltenders 1985 - 2003 Patrick Roy
90%
Forwards 1972 - 1991 Guy Lafleur
89%
Forwards 1943 - 1960 Maurice Richard
88%
Forwards 1999 - 2015 Martin St. Louis
83%
Forwards 2004 - 2023 Patrice Bergeron
82%
Defencemen 2007 - Present Kris Letang
81%
Goaltenders 2000 - 2019 Roberto Luongo
81%
Defencemen 1980 - 2001 Raymond Bourque
76%
Forwards 1978 - 1987 Mike Bossy
75%
Forwards 1951 - 1971 Jean Béliveau
74%
Forwards 1972 - 1989 Marcel Dionne
72%
Forwards 1987 - 2006 Luc Robitaille
63%
Defencemen 1967 - 1983 Serge Savard
54%
Forwards 1951 - 1968 Bernie Geoffrion
41%
Defencemen 1969 - 1984 Guy Lapointe
34%
Defencemen 1948 - 1969 Doug Harvey
30%
Forwards 1988 - 2002 Pierre Turgeon
23%
Forwards 1923 - 1938 Aurèle Joliat
21%
Defencemen 1956 - 1969 Pierre Pilote
21%
No matching quizzes found
Score Distribution
Percent of People with Each Score
Percentile by Number Answered
Your Score History
You have not taken this quiz